Выявление критически важных объектов с позиции нарушения кибербезопансоти на примере энрегетики; Информационные технологии в науке, управлении, социальной сфере и медицине; Ч. 2

Detalles Bibliográficos
Parent link:Информационные технологии в науке, управлении, социальной сфере и медицине: сборник научных трудов IV Международной научной конференции, 5-8 декабря 2017 г., Томск/ Национальный исследовательский Томский политехнический университет (ТПУ).— , 2017
Ч. 2.— 2017.— [С. 18-21]
Autor Principal: Гаськова Д. А.
Summary:Заглавие с титульного экрана
The article describes methods for identification of critical facilities, being a significant trend in researching critical infrastructures, particularly in the energy sector. The proposed methods are focused on the investigation of the energy object state in relation to the violation of cybersecurity of its information infrastructure. The cyber threats are believed to be important contemporary threats to energy security in Russia. The proposed methods formed the basis of development information-analytical system used for monitoring of cybersecurity violations in energy sector.
Idioma:ruso
Publicado: 2017
Subjects:
Acceso en liña:http://earchive.tpu.ru/handle/11683/46961
Formato: MixedMaterials Electrónico Capítulo de libro
KOHA link:https://koha.lib.tpu.ru/cgi-bin/koha/opac-detail.pl?biblionumber=626583

MARC

LEADER 00000naa2a2200000 4500
001 626583
005 20231101133423.0
035 |a (RuTPU)RU\TPU\conf\26010 
035 |a RU\TPU\conf\26009 
090 |a 626583 
100 |a 20180320d2017 k y0rusy50 ca 
101 0 |a rus  |d eng 
102 |a RU 
105 |a y z 101zy 
135 |a drgn ---uucaa 
181 0 |a i  
182 0 |a b 
200 1 |a Выявление критически важных объектов с позиции нарушения кибербезопансоти на примере энрегетики  |d The identification of critical facilities from the position of cybersecurity violation by the example of energy  |f Д. А. Гаськова 
203 |a Текст  |c электронный 
230 |a 1 компьютерный файл (pdf; 319 Kb) 
300 |a Заглавие с титульного экрана 
320 |a [Библиогр.: с. 21 (7 назв.)] 
330 |a The article describes methods for identification of critical facilities, being a significant trend in researching critical infrastructures, particularly in the energy sector. The proposed methods are focused on the investigation of the energy object state in relation to the violation of cybersecurity of its information infrastructure. The cyber threats are believed to be important contemporary threats to energy security in Russia. The proposed methods formed the basis of development information-analytical system used for monitoring of cybersecurity violations in energy sector. 
461 1 |0 (RuTPU)RU\TPU\conf\25267  |t Информационные технологии в науке, управлении, социальной сфере и медицине  |o сборник научных трудов IV Международной научной конференции, 5-8 декабря 2017 г., Томск  |o в 2 ч.  |f Национальный исследовательский Томский политехнический университет (ТПУ)   |d 2017 
463 1 |0 (RuTPU)RU\TPU\conf\26007  |t Ч. 2  |f Национальный исследовательский Томский политехнический университет (ТПУ) ; под ред. О. Г. Берестневой [и др.]  |v [С. 18-21]  |d 2017 
510 1 |a The identification of critical facilities from the position of cybersecurity violation by the example of energy  |z eng 
610 1 |a электронные ресурсы 
610 1 |a кибербезопасность 
610 1 |a семантические модели 
610 1 |a энергетические объекты 
610 1 |a информатизация 
610 1 |a информационные системы 
610 1 |a информационно-коммуникативные технологии 
700 1 |a Гаськова  |b Д. А. 
801 2 |a RU  |b 63413507  |c 20180326  |g RCR 
856 4 |u http://earchive.tpu.ru/handle/11683/46961 
942 |c BK